Statistics for Name the song

Click here to take the quiz!

General Stats

  • This quiz has been taken 4 times
  • The average score is 2 of 19

Answer Stats

ARTISTSONG% Correct
Carly Rae JepsonCall me maybe
50%
ChainsmokersCloser
25%
DrakeHotline Bling
25%
LMFAOParty rock anthem
25%
Jacob SartoriusSweatshirt
25%
EminemThe real slim shady
25%
Carson LuedersBae Back
0%
Avril LavigneGirlfriend
0%
Johnny OrlandoLet go
0%
Justin BieberLove yourself
0%
The WeekndOften
0%
DrakeOne dance
0%
Redfoosock it to ya
0%
OutkastSorry Mrs Jackson
0%
Max and HarveyStuck on the ceiling
0%
Maroon 5Sugar
0%
Fetty WapTrap Queen
0%
Panic! At The DiscoVictorious
0%
Post MaloneWhite Iverson
0%

Score Distribution

Percentile by Number Answered

Percent of People with Each Score

Your Score History

You have not taken this quiz